Sex and gender in an era of AIDS : (Record no. 3059)
[ view plain ]
| 000 -LEADER | |
|---|---|
| fixed length control field | 01168cam a22003017a 4500 |
| 001 - CONTROL NUMBER | |
| control field | 15205745 |
| 005 - DATE AND TIME OF LATEST TRANSACTION | |
| control field | 20250125092044.0 |
| 008 - FIXED-LENGTH DATA ELEMENTS--GENERAL INFORMATION | |
| fixed length control field | 080305s2006 gh ab b 000 0 eng c |
| 020 ## - INTERNATIONAL STANDARD BOOK NUMBER | |
| International Standard Book Number | 9789988550554 |
| 020 ## - INTERNATIONAL STANDARD BOOK NUMBER | |
| International Standard Book Number | 9988550553 |
| 050 00 - LIBRARY OF CONGRESS CALL NUMBER | |
| Classification number | RA643.86.G4 |
| Item number | S49 2006 |
| 245 00 - TITLE STATEMENT | |
| Title | Sex and gender in an era of AIDS : |
| Remainder of title | Ghana at the turn of the millennium / |
| Statement of responsibility, etc. | edited by Christine Oppong, Yaa P.A. Oppong, and Irene K. Odotei. |
| 260 ## - PUBLICATION, DISTRIBUTION, ETC. | |
| Place of publication, distribution, etc. | Legon, Accra, Ghana : |
| Name of publisher, distributor, etc. | Sub-Saharan Publishers, |
| Date of publication, distribution, etc. | c2006. |
| 300 ## - PHYSICAL DESCRIPTION | |
| Extent | xiii, 339 p. : |
| Other physical details | ill., maps ; |
| Dimensions | 24 cm. |
| 500 ## - GENERAL NOTE | |
| General note | "Published by ... for Historical Society of Ghana"--T.p. verso. |
| 650 #0 - SUBJECT ADDED ENTRY--TOPICAL TERM | |
| Topical term or geographic name entry element | AIDS (Disease) |
| General subdivision | Social aspects |
| Geographic subdivision | Ghana. |
| 650 #0 - SUBJECT ADDED ENTRY--TOPICAL TERM | |
| Topical term or geographic name entry element | AIDS (Disease) |
| General subdivision | Sex factors |
| Geographic subdivision | Ghana. |
| 650 #0 - SUBJECT ADDED ENTRY--TOPICAL TERM | |
| Topical term or geographic name entry element | Man-woman relationships |
| Geographic subdivision | Ghana. |
| 650 #2 - SUBJECT ADDED ENTRY--TOPICAL TERM | |
| Topical term or geographic name entry element | Acquired Immunodeficiency Syndrome |
| Geographic subdivision | Ghana. |
| 650 #2 - SUBJECT ADDED ENTRY--TOPICAL TERM | |
| Topical term or geographic name entry element | Sexual Behavior |
| Geographic subdivision | Ghana. |
| 650 #2 - SUBJECT ADDED ENTRY--TOPICAL TERM | |
| Topical term or geographic name entry element | Gender Identity |
| Geographic subdivision | Ghana. |
| 700 1# - ADDED ENTRY--PERSONAL NAME | |
| Personal name | Oppong, Christine. |
| 700 1# - ADDED ENTRY--PERSONAL NAME | |
| Personal name | Oppong, Yaa P. A. |
| 700 1# - ADDED ENTRY--PERSONAL NAME | |
| Personal name | Odotei, Irene K. |
| 710 2# - ADDED ENTRY--CORPORATE NAME | |
| Corporate name or jurisdiction name as entry element | Historical Society of Ghana. |
| 856 41 - ELECTRONIC LOCATION AND ACCESS | |
| Materials specified | Table of contents |
| Uniform Resource Identifier | <a href="http://www.loc.gov/catdir/toc/fy0804/2008349201.html">http://www.loc.gov/catdir/toc/fy0804/2008349201.html</a> |
| 942 ## - ADDED ENTRY ELEMENTS (KOHA) | |
| Source of classification or shelving scheme | Library of Congress Classification |
| Koha item type | Books |
| Suppress in OPAC | No |
| 999 ## - | |
| -- | 3059 |
| -- | 3059 |
| Withdrawn status | Lost status | Source of classification or shelving scheme | Damaged status | Not for loan | Collection | Home library | Current library | Shelving location | Date acquired | Total checkouts | Full call number | Barcode | Date last seen | Copy number | Price effective from | Koha item type |
|---|---|---|---|---|---|---|---|---|---|---|---|---|---|---|---|---|
| Library of Congress Classification | Non-fiction | Business Library (Miotso) | Business Library (Miotso) | General stacks | 03/11/2026 | HQ18.G882 SEX | BSSM00002757 | 03/13/2026 | 1 | 03/11/2026 | Books | |||||
| Library of Congress Classification | Non-fiction | Undergraduate Library (Christ Temple) | Undergraduate Library (Christ Temple) | General stacks | 01/25/2025 | HQ18.Q882 SEX | ulct00000929 | 01/25/2025 | 1 | 01/25/2025 | Books | |||||
| Library of Congress Classification | Non-fiction | Undergraduate Library (Christ Temple) | Undergraduate Library (Christ Temple) | General stacks | 09/03/2025 | HQ18.G882 SEX | ulct00004591 | 09/03/2025 | 1 | 09/03/2025 | Books | |||||
| Library of Congress Classification | Non-fiction | Undergraduate Library (Christ Temple) | Undergraduate Library (Christ Temple) | General stacks | 09/03/2025 | HQ18.G882 SEX | ulct00004592 | 09/03/2025 | 1 | 09/03/2025 | Books |